MANAGEMENT INFORMATION SYSTEMS: MANAGERIAL PERSPECTIVES (Record no. 10696)
[ view plain ]
| 000 -LEADER | |
|---|---|
| fixed length control field | 01095nam a22001697a 4500 |
| 003 - CONTROL NUMBER IDENTIFIER | |
| control field | SGT |
| 020 ## - INTERNATIONAL STANDARD BOOK NUMBER | |
| International Standard Book Number | 9789325978607 |
| 082 ## - DEWEY DECIMAL CLASSIFICATION NUMBER | |
| Classification number | 658.4038011 GOY |
| 100 ## - MAIN ENTRY--PERSONAL NAME | |
| Personal name | GOYAL,D.P |
| 245 ## - TITLE STATEMENT | |
| Title | MANAGEMENT INFORMATION SYSTEMS: MANAGERIAL PERSPECTIVES |
| 250 ## - EDITION STATEMENT | |
| Edition statement | 4TH |
| 260 ## - PUBLICATION, DISTRIBUTION, ETC. (IMPRINT) | |
| Place of publication, distribution, etc | NEW DELHI |
| Name of publisher, distributor, etc | VIKAS |
| Year of Publication | 2014 |
| 300 ## - PAGE DESCRIPTION | |
| No. of Pages | 525 |
| 650 ## - SUBJECT ADDED ENTRY--TOPICAL TERM | |
| Topical term or geographic name as entry element | MANAGEMENT INFORMATION SYSTEMS |
| 653 ## - KEYWORDS--INDEX TERM | |
| Keyword term | • Management Information Systems: An Overview • Information, Systems and Organization Concepts • Information Systems and Competitive Advantage • Information Technology Infrastructure and Emerging Technology • Data Resource Management • Telecommunications and Computer Networks • e-Commerce, e-Business and e-Governance • Enterprise Systems • Decision Support Systems • Information System Planning • IS Choices and System Acquisition • IS Development and Project Management • Information Requirements Analysis & System Design • IS Implementation and Change Management • Evaluation and Maintenance of IS • IS Security and Control • Ethical and Social Issues of ISs |
| 942 ## - ADDED ENTRY ELEMENTS (KOHA) | |
| Source of classification or shelving scheme | Dewey Decimal Classification |
| Koha item type | FCM Books |
| Withdrawn status | Lost status | Source of classification or shelving scheme | Damaged status | Not for loan | Collection code | Home library | Current library | Shelving location | Date acquired | Vendor Name | Cost, normal purchase price | SGTU | Bill Number | Full call number | Accession No. (Barcode) | Date last seen | Bill Date | Koha item type | Total Checkouts | Date last borrowed |
|---|---|---|---|---|---|---|---|---|---|---|---|---|---|---|---|---|---|---|---|---|
| Dewey Decimal Classification | Not For Loan | COMMERCE MANAGEMENT | SGT Science & Social Sciences Library | SGT Science & Social Sciences Library | Reference Book | 30/01/2017 | INDIAN PUBLISHERS & DISTRIBUTORS | 425.00 | SGTU | 117 | 658.4038011 GOY | CM3271 | 30/01/2017 | 20/12/2016 | FCM Books | |||||
| Dewey Decimal Classification | COMMERCE MANAGEMENT | SGT Science & Social Sciences Library | SGT Science & Social Sciences Library | On Display | 30/01/2017 | INDIAN PUBLISHERS & DISTRIBUTORS | 425.00 | SGTU | 117 | 658.4038011 GOY | CM3272 | 29/09/2018 | 20/12/2016 | FCM Books | 1 | 20/09/2018 |